Montoneros : la soberbia armada /
Guardado en:
| Autor Principal: | |
|---|---|
| Formato: | Libro |
| Publicado: |
Buenos Aires :
Sudamericana,
1984
|
| Edición: | 5a. ed. |
| Materias: | |
| Etiquetas: |
Agregar Etiqueta
Sin Etiquetas, Sea el primero en etiquetar este registro!
|
| LEADER | 00625nam a22002295a 4500 | ||
|---|---|---|---|
| 001 | CEM.cems002928 | ||
| 005 | 20101109121500.0 | ||
| 008 | 130507s1984##################000#0#####d | ||
| 003 | CEMS | ||
| 020 | |a 9503700183 | ||
| 082 | 0 | 4 | |a A864.4 |
| 100 | 1 | |a Giussani, Pablo | |
| 245 | 1 | 0 | |a Montoneros : |b la soberbia armada / |c Pablo Giussani |
| 250 | |a 5a. ed. | ||
| 260 | |a Buenos Aires : |b Sudamericana, |c 1984 | ||
| 300 | |a 254 p. | ||
| 653 | |a Literatura | ||
| 653 | |a Literatura argentina | ||
| 653 | |a Ensayo | ||
| 653 | |a Ensayo argentino | ||
| 653 | |a Montoneros | ||
| 859 | |a CEMS |b BIB. CEMS - 11 de abril |h A864.4 |i G449a5 |p 13492.85 |t Ej.1 | ||
